| 000 | 00903nam a2200289 4500 | ||
|---|---|---|---|
| 001 | 36967 | ||
| 010 | _a9789896664886 | ||
| 021 |
_aPT _b550164/25 |
||
| 090 | _a36967 | ||
| 100 | _a20250905d2025 m y0pory50030103ba | ||
| 101 | 1 | _apor | |
| 102 | _aPT | ||
| 200 | 1 |
_aImunidade psicológica _eaprenda a defender a sua mente _fChristophe Massin _gtrad. Ricardo Figueira |
|
| 205 | _a1.ª ed | ||
| 210 | 9 |
_aLisboa _cContraponto _d2025 |
|
| 215 |
_a173, [3] p. _d24 cm |
||
| 304 | _aTít. orig.: Savoir se défendre - L'immunité psychique | ||
| 606 |
_93335 _aPsicologia |
||
| 675 |
_a159.92 _vBN _zpor |
||
| 675 |
_a159.94 _vBN _zpor |
||
| 675 |
_a316.62 _vBN _zpor |
||
| 700 |
_aMassin _bChristophe _97259 |
||
| 702 |
_97260 _aFigueira _bRicardo _4730 |
||
| 801 | 0 |
_aPT _bBN _gRPC |
|
| 856 | 4 | 1 | _uhttp://rnod.bnportugal.gov.pt/ImagesBN/winlibimg.aspx?skey=&doc=2225456&img=213170&save=true |
| 990 | _cLIVROS | ||
| 994 | _aCOMP | ||